|
|
|
|
| LEADER |
01070cam a2200277 a 4500 |
| 008 |
030204s2003 ii ab b 001 0 eng |
| 010 |
|
|
|a 2003306716
|
| 020 |
|
|
|a 8125023771
|
| 025 |
|
|
|a I-E-2003-306716; 49-92
|
| 035 |
|
|
|a (DLC) 2003306716
|
| 042 |
|
|
|a lcode
|
| 043 |
|
|
|a a-ii---
|
| 082 |
|
|
|a 574.5
|
| 100 |
1 |
|
|a Lewis, Michael L.,
|d 1971-
|
| 245 |
1 |
0 |
|a Inventing global ecology :
|b tracking the biodiversity ideal in India, 1945-1997 /
|c Michael Lewis.
|
| 260 |
|
|
|a Hyderabad :
|b Orient Longman,
|c 2003.
|
| 300 |
|
|
|a x, 369 p. :
|b ill., map ;
|c 22 cm.
|
| 504 |
|
|
|a Includes bibliographical references (p. 343-365) and index.
|
| 650 |
|
0 |
|a Biodiversity conservation
|z India.
|
| 650 |
|
0 |
|a Biodiversity
|x Monitoring
|z India.
|
| 650 |
|
0 |
|a Animal ecology
|x Research
|z India.
|
| 906 |
|
|
|a 7
|b cbc
|c origode
|d 3
|e ncip
|f 20
|g y-gencatlg
|
| 942 |
|
|
|2 ddc
|c BK
|
| 955 |
|
|
|a wd14 2003-02-27 to RCCD
|
| 999 |
|
|
|c 363947
|d 363947
|
| 952 |
|
|
|0 0
|1 0
|2 ddc
|4 0
|6 574_500000000000000_LEW_I
|7 0
|9 424030
|a SAN
|b SAN
|c ST1
|d 2021-12-01
|g 675.00
|i G308
|l 0
|o 574.5 LEW/I
|p SANG308
|r 2021-12-01
|w 2021-12-01
|y BK
|